000 01122nam a22003257a 4500
001 BR0808898
003 BR-BrBNA
005 20230928102758.0
007 ta
008 230509b bl.||||| |||| 00| 0 por d
040 _aBR-BrBNA
_bpor
_cBiblioteca Nacional de Agricultura
041 _a(Por)
072 _aH10; H20
_b4010
_b4110
090 _ 4010 BR0808898
100 1 _aBatista, A.C.
110 1 _aUniversidade de Brasília, DF (Brasil). Faculdade de Agronomia e Medicina Veterinária
_0Tese (Mestre em Ciências Agrárias)
245 1 _aSeleção de estirpes de Bacillus thuringiensis e estudos de produção para o desenvolvimento de um bioinseticida visando o controle de pragas agrícolas
260 3 _aBrasília, DF (Brasil):
_c2006.
300 _a88 p.
500 _aSummaries (Eng, Por); Several bibliography; 15 tables; 24 illus.
650 _aPRAGA DE PLANTA
650 _aBACILLUS THURINGIENSIS
650 _aBACTÉRIA
650 _aESTIRPE
650 _aCRIAÇÃO MASSAL
650 _aCONTROLE BIOLÓGICO
650 _aINSETICIDA
909 _a202309
_bLucia
_c55
_dLucia Elande
942 _cBK
999 _c72416
_d72416